Применение растворов на углеводородной основе как решение проблем устойчивости аргиллитов и растворения солей при бурении скважин на Верхнечонском месторождении; Проблемы геологии и освоения недр; Т. 2

Xehetasun bibliografikoak
Parent link:Проблемы геологии и освоения недр: труды XVIII Международного симпозиума имени академика М. А. Усова студентов и молодых ученых, Томск, 7-11 апреля 2014 г./ Национальный исследовательский Томский политехнический университет (ТПУ), Институт природных ресурсов (ИПР) ; Общество инженеров-нефтяников, международная некоммерческая организация, Студенческий чаптер ; под ред. А. Ю. Дмитриева.— , 2014
Т. 2.— [С. 303-305]
Egile nagusia: Бузанов К. В. Кирилл Владимирович
Erakunde egilea: Национальный исследовательский Томский политехнический университет (ТПУ) Институт природных ресурсов (ИПР) Кафедра бурения скважин (БС)
Beste egile batzuk: Нечаева Л. Н. Лариса Николаевна (научный руководитель)
Gaia:Заглавие с экрана
Hizkuntza:errusiera
Argitaratua:
Saila:Современные технологии и техника бурения нефтяных и газовых скважин
Gaiak:
Sarrera elektronikoa:http://earchive.tpu.ru/handle/11683/65626
http://www.lib.tpu.ru/fulltext/c/2014/C11/V2/139.pdf
Formatua: Baliabide elektronikoa Liburu kapitulua
KOHA link:https://koha.lib.tpu.ru/cgi-bin/koha/opac-detail.pl?biblionumber=608559

MARC

LEADER 00000naa2a2200000 4500
001 608559
005 20260324110643.0
035 |a (RuTPU)RU\TPU\conf\5993 
035 |a RU\TPU\conf\5987 
090 |a 608559 
100 |a 20141003d2014 k y0rusy50 ca 
101 0 |a rus 
102 |a RU 
135 |a drcn ---uucaa 
181 0 |a i  
182 0 |a b 
200 1 |a Применение растворов на углеводородной основе как решение проблем устойчивости аргиллитов и растворения солей при бурении скважин на Верхнечонском месторождении  |f К. В. Бузанов  |g науч. рук. Л. Н. Нечаева 
203 |a Текст  |c электронный 
225 1 |a Современные технологии и техника бурения нефтяных и газовых скважин 
300 |a Заглавие с экрана 
320 |a [Библиогр.: с. 305 (6 назв.)] 
337 |a Adobe Reader 
461 1 |0 (RuTPU)RU\TPU\conf\5590  |t Проблемы геологии и освоения недр  |o труды XVIII Международного симпозиума имени академика М. А. Усова студентов и молодых ученых, Томск, 7-11 апреля 2014 г.  |o в 2 т.  |f Национальный исследовательский Томский политехнический университет (ТПУ), Институт природных ресурсов (ИПР) ; Общество инженеров-нефтяников, международная некоммерческая организация, Студенческий чаптер ; под ред. А. Ю. Дмитриева  |d 2014 
463 1 |0 (RuTPU)RU\TPU\conf\5595  |t Т. 2  |v [С. 303-305] 
610 1 |a труды учёных ТПУ 
610 1 |a электронный ресурс 
610 1 |a растворы 
610 1 |a углеводородные основы 
610 1 |a устойчивость 
610 1 |a аргиллиты 
610 1 |a растворение 
610 1 |a соли 
610 1 |a бурение 
610 1 |a скважины 
610 1 |a Верхнечонское месторождение 
700 1 |a Бузанов  |b К. В.  |c геолог  |c аспирант Томского политехнического университета  |g Кирилл Владимирович  |3 (RuTPU)RU\TPU\pers\33849 
702 1 |a Нечаева  |b Л. Н.  |c российский учёный в области бурения скважин  |c старший преподаватель Томского политехнического университета  |g Лариса Николаевна  |4 727 
712 0 2 |a Национальный исследовательский Томский политехнический университет (ТПУ)  |b Институт природных ресурсов (ИПР)  |b Кафедра бурения скважин (БС)  |3 (RuTPU)RU\TPU\col\18666 
801 2 |a RU  |b 63413507  |c 20210916  |g RCR 
856 4 |u http://earchive.tpu.ru/handle/11683/65626 
856 4 |u http://www.lib.tpu.ru/fulltext/c/2014/C11/V2/139.pdf 
942 |c BK